Statistics for Indian Ocean Island Nations

Click here to take the quiz!

General Stats

  • This quiz has been taken 13 times
  • The average score is 9 of 10

Answer Stats

Answer% Correct
Maldives
100%
Mauritius
100%
Seychelles
100%
Sri Lanka
100%
Comoros
92%
Indonesia
92%
Madagascar
92%
Singapore
83%
Bahrain
67%
East Timor
58%

Score Distribution

Percentile by Number Answered

Percent of People with Each Score

Your Score History

You have not taken this quiz